Transnational evironmentalism at Europe`s Boundaries: identity movements em Lituania and Turkey /
Gespeichert in:
| 1. Verfasser: | |
|---|---|
| Format: | Text |
| Tags: |
Tag hinzufügen
Keine Tags, Fügen Sie den ersten Tag hinzu!
|
MARC
| LEADER | 00000 a a2200000 04500 | ||
|---|---|---|---|
| 001 | 4783 | ||
| 003 | |||
| 040 | |||
| 100 | |a Ignatow, Gabriel | ||
| 245 | |a Transnational evironmentalism at Europe`s Boundaries: |b identity movements em Lituania and Turkey / |c Gabriel Ignatow | ||
| 773 | |g volumen 56, número 6; páginas 845-864 | ||
| 999 | |c 25487 |d 25487 | ||
